Statistics for Countries with Name Disputes

Click here to take the quiz!

General Stats

  • This quiz has been taken 47 times
    (34 since last reset)
  • The average score is 4 of 6

Answer Stats

Initials of other used nameCountry name also used% Correct
F.Y.O.R.MMacedonia
100%
I.CCote d'Ivoire
79%
E.TTimor Leste
75%
Cb.VCape Verde
71%
ESwaziland
38%
BMyanmar
29%

Score Distribution

Percentile by Number Answered

Percent of People with Each Score

Your Score History

You have not taken this quiz since the last reset